[Event "25th European Teams"]
[Site "Batumi GEO"]
[Date "2025.10.12"]
[Round "7.3"]
[Board "4"]
[White "Pavlidis, Antonios"]
[Black "Royal, Shreyas"]
[Result "1-0"]
[WhiteTitle "GM"]
[BlackTitle "GM"]
[WhiteElo "2579"]
[BlackElo "2501"]
[WhiteTeam "Greece"]
[BlackTeam "England"]
[WhiteFideId "4212312"]
[BlackFideId "448869"]
[EventDate "2025.10.05"]

1. e4 c5 2. Nf3 e6 3. c3 Nf6 4. Bd3 d5 5. e5 Nfd7 6. Bc2 c4 7. O-O Nc6 8. Qe2
Qc7 9. Re1 Bc5 10. b3 b5 11. d4 cxd3 12. Bxd3 b4 13. Bb2 Be7 14. a3 bxa3 15.
Nxa3 Nc5 16. Bc2 O-O 17. b4 Nd7 18. Bc1 a5 19. Nb5 Qb8 20. Nbd4 Bb7 21. Nxc6
Bxc6 22. Nd4 Rc8 23. bxa5 Nc5 24. Bf4 Be8 25. h4 Qc7 26. a6 Rcb8 27. Ra2 Rb6 28.
Rea1 Ra7 29. h5 Qc8 30. Bd3 Nxd3 31. Qxd3 Qb8 32. Be3 Ra8 33. a7 Qc7 34. h6 g6
35. Ra5 Rb7 36. Nf3 Rb3 37. Bd4 Bf8 38. Qd2 Qb7 39. R5a2 Bb5 40. Rb2 Bxh6 41.
Qxh6 Rxb2 42. Ng5 Bd3 43. Nxh7 1-0

[Event "25th European Teams"]
[Site "Batumi GEO"]
[Date "2025.10.12"]
[Round "7.4"]
[Board "1"]
[White "Gurel, Ediz"]
[Black "Predke, Alexandr"]
[Result "1-0"]
[WhiteTitle "GM"]
[BlackTitle "GM"]
[WhiteElo "2634"]
[BlackElo "2634"]
[WhiteTeam "Turkiye"]
[BlackTeam "Serbia"]
[WhiteFideId "44507356"]
[BlackFideId "24107581"]
[EventDate "2025.10.05"]

1. e4 e5 2. Nf3 Nc6 3. Bb5 a6 4. Ba4 Nf6 5. O-O Bc5 6. Bxc6 dxc6 7. Nxe5 Nxe4 8.
Qe2 Qd5 9. Nd3 O-O 10. Re1 Bf5 11. Nxc5 Nxc5 12. d3 Ne6 13. Nc3 Nd4 14. Nxd5
Nxe2+ 15. Rxe2 cxd5 16. Bf4 Rac8 17. Re7 Rfe8 18. Rae1 Be6 19. Rxe8+ Rxe8 20. f3
c6 21. Kf2 f6 22. b4 h5 23. h4 Kf7 24. a4 Bd7 25. Rb1 d4 26. a5 Ke6 27. Bc7 Kd5
28. Bb6 Re7 29. Bc5 Re8 30. Rg1 Rh8 31. Re1 Re8 32. Rh1 Rc8 33. g4 hxg4 34. fxg4
Rh8 35. Kf3 Re8 36. h5 Re3+ 37. Kf4 Re5 38. h6 gxh6 39. Rxh6 Rg5 40. Rxf6 Rxg4+
41. Kf3 Ke5 42. Rf7 Bc8 43. Rc7 Rg8 44. Re7+ Be6 45. Ke2 Rg2+ 46. Kd1 Rg1+ 47.
Kd2 Kd5 48. Re8 Rg8 49. Re7 Rg1 50. Rxb7 Bg4 51. c4+ dxc3+ 52. Kxc3 Rc1+ 53. Kd2
Rd1+ 54. Kc2 Rh1 55. Ra7 Bd1+ 56. Kd2 Ba4 57. Rxa6 Rd1+ 58. Ke3 Rxd3+ 59. Kf4
Bb5 60. Ra8 Ra3 61. Kf5 Rf3+ 62. Kg5 Ra3 63. Kf6 Ra1 64. Ke7 Rh1 65. a6 Ke5 66.
Kf7 Rh7+ 67. Kg8 Rd7 68. a7 Kf6 69. Rc8 Bc4+ 70. Kf8 1-0

[Event "25th European Teams"]
[Site "Batumi GEO"]
[Date "2025.10.12"]
[Round "7.4"]
[Board "2"]
[White "Sarana, Alexey"]
[Black "Yilmaz, Mustafa"]
[Result "1-0"]
[WhiteTitle "GM"]
[BlackTitle "GM"]
[WhiteElo "2661"]
[BlackElo "2591"]
[WhiteTeam "Serbia"]
[BlackTeam "Turkiye"]
[WhiteFideId "24133795"]
[BlackFideId "6302718"]
[EventDate "2025.10.05"]

1. d4 Nf6 2. c4 e6 3. Nf3 d5 4. Nc3 Bb4 5. cxd5 exd5 6. Bg5 h6 7. Bh4 O-O 8. e3
Bf5 9. Qb3 Bxc3+ 10. Qxc3 g5 11. Bg3 Ne4 12. Qxc7 Nc6 13. Qxd8 Rfxd8 14. Be2
Rac8 15. O-O h5 16. h4 g4 17. Ne5 Nxe5 18. Bxe5 f6 19. Bf4 Rc2 20. Bd3 Rxb2 21.
Rfb1 Rxb1+ 22. Rxb1 Rc8 23. Bxe4 Bxe4 24. Rxb7 Rc1+ 25. Kh2 Rc2 26. Kg3 Rxa2 27.
Bh6 Ra1 28. f3 gxf3 29. gxf3 Bd3 30. Rg7+ Kh8 31. Rd7 Kg8 32. Rxd5 a5 33. Rd7 a4
34. Rg7+ Kh8 35. Ra7 Kg8 36. d5 a3 37. Kf4 Be2 38. Rg7+ Kh8 39. Rg2 Bf1 40. Rg1
Kh7 41. Bg7 Rd1 42. Bxf6 a2 43. e4 Kh6 44. Bg7+ Kh7 45. Be5 Be2 46. Rxd1 Bxd1
47. Ke3 Kg6 48. f4 Kf7 49. f5 Bc2 50. Bb2 Ke7 51. Kf4 Kd6 52. f6 Bb3 53. e5+ 1-0

[Event "25th European Teams"]
[Site "Batumi GEO"]
[Date "2025.10.12"]
[Round "7.4"]
[Board "3"]
[White "Can, Emre"]
[Black "Indjic, Aleksandar"]
[Result "1/2-1/2"]
[WhiteTitle "GM"]
[BlackTitle "GM"]
[WhiteElo "2552"]
[BlackElo "2618"]
[WhiteTeam "Turkiye"]
[BlackTeam "Serbia"]
[WhiteFideId "6302181"]
[BlackFideId "911925"]
[EventDate "2025.10.05"]

1. d4 Nf6 2. c4 e6 3. Nf3 a6 4. Nc3 d5 5. cxd5 exd5 6. Bg5 Be6 7. e3 Nbd7 8. h3
Bd6 9. Bd3 c6 10. Bf4 Qb8 11. Qd2 h6 12. Rc1 O-O 13. O-O Kh8 14. b4 Nh5 15. Bxd6
Qxd6 16. Na4 Nhf6 17. Nc5 Rfb8 18. Rc2 Kg8 19. Rfc1 Qe7 20. a4 Ne4 21. Qe2 Nd6
22. Ne5 Qe8 23. Qf3 Nf8 24. Qf4 Rd8 25. h4 Bc8 26. a5 f6 27. Nf3 Ng6 28. Qh2 Ne7
29. Nd2 Bf5 30. Bxf5 Nexf5 31. g4 Qg6 32. Qg2 Ne7 33. Ne6 Rdc8 34. Qg3 Nb5 35.
Nf4 Qf7 36. Nb3 Ng6 37. Nd3 Re8 38. Nbc5 Rad8 39. h5 Nf8 40. Re1 Ne6 41. Nxe6
Rxe6 42. Nf4 Ree8 43. f3 Qe7 44. Nd3 Nc7 45. Qf4 Ne6 1/2-1/2

[Event "25th European Teams"]
[Site "Batumi GEO"]
[Date "2025.10.12"]
[Round "7.4"]
[Board "4"]
[White "Ivic, Velimir"]
[Black "Sanal, Vahap"]
[Result "1-0"]
[WhiteTitle "GM"]
[BlackTitle "GM"]
[WhiteElo "2628"]
[BlackElo "2538"]
[WhiteTeam "Serbia"]
[BlackTeam "Turkiye"]
[WhiteFideId "950122"]
[BlackFideId "6300545"]
[EventDate "2025.10.05"]

1. e4 e5 2. Nf3 Nc6 3. Bb5 Nf6 4. d3 d6 5. c3 Be7 6. O-O O-O 7. Re1 a6 8. Ba4
Re8 9. h3 Bf8 10. Bg5 h6 11. Bh4 Bd7 12. Nbd2 g6 13. b4 Bg7 14. Bb3 Qc8 15. Nf1
Nh5 16. Ne3 Nf4 17. Bg3 Be6 18. Bxe6 Nxe6 19. a4 b5 20. Qb3 Qd7 21. axb5 axb5
22. Rxa8 Rxa8 23. Qd5 Rb8 24. Ra1 Ne7 25. Qb3 Kh7 26. Ra6 c6 27. d4 Nc7 28. Ra1
exd4 29. cxd4 Kg8 30. e5 dxe5 31. Nxe5 Bxe5 32. Bxe5 Ra8 33. Rxa8+ Nxa8 34. Ng4
Nd5 35. Nxh6+ Kf8 36. Ng4 Nab6 37. Qg3 Qd8 38. Bd6+ Kg7 39. Bc5 Nc4 40. Ne5 Qf6
41. Qg4 Nc3 42. Nf3 Ne2+ 43. Kf1 Nf4 44. Qc8 Ne6 45. Qxc6 Qf4 46. Kg1 g5 47. d5
Qc1+ 48. Kh2 Qf4+ 49. Kh1 Qe4 50. Qxb5 g4 51. hxg4 Qh7+ 52. Kg1 Qb1+ 53. Kh2 1-0

[Event "25th European Teams"]
[Site "Batumi GEO"]
[Date "2025.10.12"]
[Round "7.5"]
[Board "1"]
[White "Maurizzi, MarcAndria"]
[Black "Deac, Bogdan-Daniel"]
[Result "1/2-1/2"]
[WhiteTitle "GM"]
[BlackTitle "GM"]
[WhiteElo "2624"]
[BlackElo "2655"]
[WhiteTeam "France"]
[BlackTeam "Romania"]
[WhiteFideId "36083534"]
[BlackFideId "1226380"]
[EventDate "2025.10.05"]

1. e4 e5 2. Nf3 Nc6 3. Bc4 Bc5 4. d3 Nf6 5. a3 a6 6. Qe2 d6 7. Be3 Bxe3 8. fxe3
Be6 9. Nbd2 Qe7 10. O-O O-O 11. h3 Nd7 12. g4 Bxc4 13. Nxc4 g6 14. Rf2 Nd8 15.
Kh1 Ne6 16. Raf1 a5 17. d4 a4 18. Ncd2 c6 19. c3 Rae8 20. h4 Kg7 21. Rh2 Nf6 22.
Qg2 Nd7 23. Qg3 h6 24. Rhf2 Nc7 25. h5 Ne6 26. Nc4 Ng5 27. Nxg5 hxg5 28. d5 Nc5
29. Qg2 f6 30. hxg6 Rh8+ 31. Kg1 Ref8 32. Rd1 Rd8 33. Qf3 Kxg6 34. dxc6 bxc6 35.
Na5 Qe6 36. Nxc6 Rd7 37. Rh2 Rxh2 38. Kxh2 Rh7+ 39. Kg2 Kg7 40. Rd5 Rh4 41. Kg3
Qd7 42. Nb4 Qb7 43. Qf5 Rh6 44. c4 Qb6 45. Rxc5 dxc5 46. Qd7+ Kh8 47. Qe8+ Kg7
48. Qe7+ Kh8 49. Nd5 Qxb2 50. Qf8+ Kh7 51. Nxf6+ Rxf6 52. Qxf6 Qxa3 53. Qf7+ Kh8
54. Qh5+ Kg7 55. Qxg5+ Kf7 56. Qf5+ Kg8 57. Qc8+ Kg7 58. Qd7+ Kf8 59. Qd6+ Kf7
60. Qd5+ Kf8 61. Kf3 Qa1 62. Qxc5+ Kg7 63. Qe7+ Kg6 64. Qd6+ Kg7 65. Qc7+ Kg6
66. Qb6+ Kg7 67. Qc7+ Kg6 68. Qd6+ Kg7 69. g5 Qf1+ 70. Kg3 1/2-1/2

[Event "25th European Teams"]
[Site "Batumi GEO"]
[Date "2025.10.12"]
[Round "7.5"]
[Board "2"]
[White "Nisipeanu, Liviu-Dieter"]
[Black "Fressinet, Laurent"]
[Result "1/2-1/2"]
[WhiteTitle "GM"]
[BlackTitle "GM"]
[WhiteElo "2577"]
[BlackElo "2602"]
[WhiteTeam "Romania"]
[BlackTeam "France"]
[WhiteFideId "1202758"]
[BlackFideId "608742"]
[EventDate "2025.10.05"]

1. e4 e5 2. Nf3 Nc6 3. Bc4 Nf6 4. d3 Bc5 5. c3 d6 6. O-O a5 7. Re1 O-O 8. Nbd2
Be6 9. h3 Ba7 10. Bb5 Ne7 11. d4 Ng6 12. Ba4 c6 13. Bc2 Nh5 14. Nf1 Nhf4 15. Ng3
Qd7 16. Nf5 f6 17. N5h4 Nxh4 18. Nxh4 Ng6 19. Nxg6 hxg6 20. Be3 Qc7 21. Bb3 Qf7
22. dxe5 dxe5 23. Bxa7 Rxa7 24. Re2 Bxb3 25. axb3 b6 26. Rd2 Re7 27. Rd6 Re6 28.
Rd7 Re7 29. Rd6 Re6 30. Rd7 Re7 31. Rd6 1/2-1/2

[Event "25th European Teams"]
[Site "Batumi GEO"]
[Date "2025.10.12"]
[Round "7.5"]
[Board "3"]
[White "Lagarde, Maxime"]
[Black "Lupulescu, Constantin"]
[Result "1/2-1/2"]
[WhiteTitle "GM"]
[BlackTitle "GM"]
[WhiteElo "2617"]
[BlackElo "2577"]
[WhiteTeam "France"]
[BlackTeam "Romania"]
[WhiteFideId "662399"]
[BlackFideId "1207822"]
[EventDate "2025.10.05"]

1. e4 c6 2. d4 d5 3. e5 Bf5 4. h4 h5 5. c4 e6 6. Nc3 Bb4 7. cxd5 Qxd5 8. Ne2 c5
9. Bd2 Qd7 10. a3 cxd4 11. axb4 dxc3 12. Bxc3 Ne7 13. Nd4 Bg6 14. Be2 Nbc6 15.
Nxc6 Qxd1+ 16. Bxd1 bxc6 17. Bf3 O-O 18. b5 Nd5 19. bxc6 Rfc8 20. Ra5 Rxc6 21.
O-O a6 22. Bxd5 exd5 23. Rxd5 Bf5 24. e6 Bxe6 25. Rxh5 f6 26. Ra5 Rd8 27. Re1
Kf7 28. f3 Bc4 29. Rf5 Be6 30. Rf4 Rc4 31. Rfe4 Rxe4 32. Rxe4 Rc8 33. Rb4 Rc5
34. Rb7+ Kg8 35. g4 Bd5 36. Rb8+ Kh7 37. Kf2 a5 38. Rb6 a4 39. Ra6 Bc6 40. Ra7
Kg8 41. h5 Rd5 42. Ra6 Bd7 43. Ke3 Kh7 44. Bd4 Bb5 45. Rb6 Bd7 46. Rb7 Rd6 47.
Rc7 Re6+ 48. Kf4 Rd6 49. Bc3 Rd5 50. Ke4 Rd6 51. Bb4 Rb6 52. Ba3 Rb7 53. Rc1 Rb3
54. Kf4 Bb5 55. Rc7 Kg8 56. Rc2 Ba6 57. Rc3 Rxc3 58. bxc3 Kh7 59. Ke3 g6 60.
hxg6+ Kxg6 61. f4 Bc4 62. Bc1 Ba6 63. f5+ Kf7 64. Ba3 Bb5 65. Kf4 Be2 66. g5
fxg5+ 67. Kxg5 Bd3 68. Bc1 Kg7 69. Bb2 Kf7 70. Kf4 Bb5 71. Ke5 Bd3 72. Ba3 Ba6
73. Bc5 Bd3 74. f6 Bf1 75. Be7 Be2 76. Kd4 a3 77. Bxa3 1/2-1/2

[Event "25th European Teams"]
[Site "Batumi GEO"]
[Date "2025.10.12"]
[Round "7.5"]
[Board "4"]
[White "Gavrilescu, David"]
[Black "Boyer, Mahel"]
[Result "1-0"]
[WhiteTitle "GM"]
[BlackTitle "GM"]
[WhiteElo "2535"]
[BlackElo "2532"]
[WhiteTeam "Romania"]
[BlackTeam "France"]
[WhiteFideId "1227190"]
[BlackFideId "45102422"]
[EventDate "2025.10.05"]

1. e4 e6 2. d4 d5 3. e5 c5 4. c3 Nc6 5. Nf3 Qc7 6. Na3 a6 7. Bd3 f6 8. O-O fxe5
9. Nxe5 Nf6 10. Bf4 Bd6 11. Re1 O-O 12. Bg3 c4 13. Bc2 Bd7 14. Nb1 Be8 15. Nd2
Bh5 16. Qb1 Rae8 17. Re3 h6 18. h3 Nd7 19. Bh7+ Kh8 20. Bg6 Bxe5 21. Bxe5 Bxg6
22. Bxc7 Bxb1 23. Rxb1 g5 24. Rbe1 Rf6 25. Nf1 Kg7 26. Ng3 Kg6 27. h4 gxh4 28.
Ne2 Kf7 29. Nf4 Rc8 30. Bd6 Nd8 31. Nxd5 exd5 32. Re7+ Kg6 33. Rxd7 Rf7 34. Be7
h3 35. Rd6+ Kh7 36. Bxd8 1-0

[Event "25th European Teams"]
[Site "Batumi GEO"]
[Date "2025.10.12"]
[Round "7.6"]
[Board "1"]
[White "Keymer, Vincent"]
[Black "Saric, Ivan"]
[Result "1-0"]
[WhiteTitle "GM"]
[BlackTitle "GM"]
[WhiteElo "2755"]
[BlackElo "2661"]
[WhiteTeam "Germany"]
[BlackTeam "Croatia"]
[WhiteFideId "12940690"]
[BlackFideId "14508150"]
[EventDate "2025.10.05"]

1. c4 g6 2. d4 Nf6 3. Nc3 Bg7 4. e4 d6 5. Be2 O-O 6. Be3 a5 7. h4 a4 8. Rc1 c5
9. dxc5 Qa5 10. Bd2 Qxc5 11. Nh3 Bxh3 12. Rxh3 Nc6 13. h5 Ne5 14. h6 Bh8 15. Kf1
e6 16. Kg1 Qc6 17. Re3 Rfd8 18. Nb5 Ne8 19. Kh1 Qc5 20. Kg1 Nc6 21. Bc3 Be5 22.
g3 Bxc3 23. Rcxc3 Qg5 24. Ra3 Qxh6 25. Rxa4 Qg7 26. Rxa8 Rxa8 27. Nc3 Nd4 28. a3
Nc7 29. Bg4 h5 30. Bh3 Qf6 31. Rd3 e5 32. Ne2 Nf3+ 33. Kf1 Ra6 34. Qb3 Ng5 35.
Qxb7 Nxh3 36. Qc8+ Kg7 37. Qxh3 Ne6 38. Qh4 Qxh4 39. gxh4 Nc5 40. Re3 f5 41. Nc3
Rc6 42. exf5 gxf5 43. Nd5 f4 44. Rh3 Kf7 45. Ke2 Ke6 46. Rc3 Rc8 47. b4 Na4 48.
Rc2 Rf8 49. Kd3 Rg8 50. Rd2 Rb8 51. Kc2 Nb6 52. Nxb6 Rxb6 53. b5 e4 54. a4 Rb8
55. a5 1-0

[Event "25th European Teams"]
[Site "Batumi GEO"]
[Date "2025.10.12"]
[Round "7.6"]
[Board "2"]
[White "Brkic, Ante"]
[Black "Svane, Rasmus"]
[Result "1/2-1/2"]
[WhiteTitle "GM"]
[BlackTitle "GM"]
[WhiteElo "2578"]
[BlackElo "2614"]
[WhiteTeam "Croatia"]
[BlackTeam "Germany"]
[WhiteFideId "14506688"]
[BlackFideId "4657101"]
[EventDate "2025.10.05"]

1. e4 e5 2. Nf3 Nc6 3. Bb5 Nf6 4. d3 Bc5 5. h3 Nd4 6. Nxd4 Bxd4 7. c3 Bb6 8. Bg5
c6 9. Bc4 d6 10. Nd2 h6 11. Bh4 Qe7 12. Qe2 Be6 13. a4 Bxc4 14. Nxc4 Qe6 15. Bg3
O-O 16. O-O Rfe8 17. a5 Bc7 18. Ne3 d5 19. exd5 Nxd5 20. Nxd5 Qxd5 21. Qe4 Rad8
22. Qxd5 Rxd5 23. d4 Rxa5 24. Bxe5 Rxa1 25. Rxa1 Bxe5 26. dxe5 Rxe5 27. Rxa7 Re7
28. g4 g5 29. Kg2 Kg7 30. Kf3 Kg6 31. Ra8 Re5 32. Rd8 Re6 33. c4 c5 34. Rd5 1/2-1/2

[Event "25th European Teams"]
[Site "Batumi GEO"]
[Date "2025.10.12"]
[Round "7.6"]
[Board "3"]
[White "Bluebaum, Matthias"]
[Black "Livaic, Leon"]
[Result "1-0"]
[WhiteTitle "GM"]
[BlackTitle "GM"]
[WhiteElo "2687"]
[BlackElo "2551"]
[WhiteTeam "Germany"]
[BlackTeam "Croatia"]
[WhiteFideId "24651516"]
[BlackFideId "14531534"]
[EventDate "2025.10.05"]

1. d4 Nf6 2. c4 e6 3. Nf3 d5 4. Nc3 dxc4 5. e4 b5 6. e5 Nd5 7. Nxb5 Nb6 8. Be2
Nc6 9. Nc3 Be7 10. Be3 O-O 11. a3 Bb7 12. Qc2 Na5 13. h4 f5 14. exf6 gxf6 15.
Ne4 Qd7 16. Rd1 Rab8 17. Rh3 Kh8 18. Nc5 Bxc5 19. dxc5 Qa4 20. Qc3 Nd5 21. Rxd5
Bxd5 22. Bg5 e5 23. Nxe5 Rb3 24. Qd4 Rxh3 25. gxh3 Nc6 26. Qf4 f5 27. Nd7 Rf7
28. Bf6+ Rxf6 29. Nxf6 Qa5+ 30. Kf1 Qxc5 31. Qxc7 Bg8 32. Nxg8 Kxg8 33. Bf3 c3
34. bxc3 Qb5+ 35. c4 1-0

[Event "25th European Teams"]
[Site "Batumi GEO"]
[Date "2025.10.12"]
[Round "7.6"]
[Board "4"]
[White "Martinovic, Sasa"]
[Black "Svane, Frederik"]
[Result "1/2-1/2"]
[WhiteTitle "GM"]
[BlackTitle "GM"]
[WhiteElo "2553"]
[BlackElo "2638"]
[WhiteTeam "Croatia"]
[BlackTeam "Germany"]
[WhiteFideId "14509792"]
[BlackFideId "12923044"]
[EventDate "2025.10.05"]

1. d4 Nf6 2. c4 e6 3. g3 d5 4. Bg2 Be7 5. Nf3 O-O 6. O-O dxc4 7. Ne5 Nc6 8. Bxc6
bxc6 9. Nxc6 Qe8 10. Nxe7+ Qxe7 11. Qa4 e5 12. dxe5 Qxe5 13. Nc3 Ne4 14. Re1 Be6
15. Qc2 Nxc3 16. Qxc3 Qxc3 17. bxc3 Rab8 18. h4 f6 19. f3 h5 20. Kf2 Rfc8 21.
Be3 a6 22. Rab1 Bf5 23. Rb4 Rxb4 24. cxb4 Rb8 25. a3 Rd8 26. Rc1 Be6 27. Ke1 Kf7
28. Rd1 Rxd1+ 29. Kxd1 c3 30. Kc2 Bc4 1/2-1/2

[Event "25th European Teams"]
[Site "Batumi GEO"]
[Date "2025.10.12"]
[Round "7.7"]
[Board "1"]
[White "Sargsyan, Shant"]
[Black "Chigaev, Maksim"]
[Result "1/2-1/2"]
[WhiteTitle "GM"]
[BlackTitle "GM"]
[WhiteElo "2667"]
[BlackElo "2634"]
[WhiteTeam "Armenia"]
[BlackTeam "Spain"]
[WhiteFideId "13306766"]
[BlackFideId "4108116"]
[EventDate "2025.10.05"]

1. d4 Nf6 2. c4 e6 3. Nf3 d5 4. Nc3 Be7 5. Bf4 O-O 6. e3 Nbd7 7. c5 Ne4 8. Nxe4
dxe4 9. Ne5 Nxe5 10. Bxe5 b6 11. b4 a5 12. a3 Qd5 13. Rc1 Qa2 14. Bxc7 Qxa3 15.
Bxb6 axb4 16. Bc4 Bd8 17. Bxd8 Rxd8 18. O-O Bd7 19. Rb1 Ba4 20. Qe2 Rdb8 21. h4
b3 22. Rb2 Rb4 23. Rfb1 Rab8 24. d5 Bb5 25. Bxb5 R4xb5 26. c6 Qd6 27. dxe6 Qxc6
28. e7 Qe8 29. Qc4 Qxe7 30. Rxb3 Rxb3 31. Rxb3 Rxb3 32. Qxb3 g6 1/2-1/2

[Event "25th European Teams"]
[Site "Batumi GEO"]
[Date "2025.10.12"]
[Round "7.7"]
[Board "2"]
[White "Anton Guijarro, David"]
[Black "Hovhannisyan, Robert"]
[Result "1/2-1/2"]
[WhiteTitle "GM"]
[BlackTitle "GM"]
[WhiteElo "2631"]
[BlackElo "2633"]
[WhiteTeam "Spain"]
[BlackTeam "Armenia"]
[WhiteFideId "2285525"]
[BlackFideId "13302507"]
[EventDate "2025.10.05"]

1. d4 d5 2. c4 e6 3. Nc3 Nf6 4. cxd5 exd5 5. Bg5 c6 6. Qc2 h6 7. Bh4 g6 8. e3
Bf5 9. Bd3 Bxd3 10. Qxd3 Nbd7 11. Nge2 Bg7 12. f3 O-O 13. O-O Re8 14. Bf2 Qe7
15. Rfe1 Rad8 16. Rac1 Nf8 17. h3 Ne6 18. Qd2 Nd7 19. Qc2 Nb6 20. b3 Bf6 21. Nd1
Nc8 22. Nb2 Bh4 23. g3 Bf6 24. Kg2 Bg7 25. g4 Nd6 26. Nd3 Bf6 27. Nef4 Nf8 28.
Bg1 Ne6 29. Bf2 Nf8 30. a4 Bh4 31. Bxh4 Qxh4 32. Ne5 a6 33. Qf2 Qxf2+ 34. Kxf2
Ne6 35. Ned3 Nxf4 36. exf4 a5 37. Re5 f6 38. Re3 Kf7 39. Rc5 Ra8 40. Rc1 Rxe3
41. Kxe3 h5 42. f5 gxf5 43. gxh5 f4+ 44. Kxf4 Rh8 45. h4 Rxh5 46. Rh1 Nf5 47.
Kg4 Ng7 48. Rb1 f5+ 49. Kg3 Rh7 50. b4 axb4 51. Rxb4 Kf6 52. Nf4 Ne6 53. Nxe6
Kxe6 54. a5 Rg7+ 55. Kf4 Rh7 56. Kg3 Rg7+ 57. Kh3 f4 58. h5 Kf5 59. Kh2 Kg5 60.
Rb6 Rc7 61. a6 bxa6 62. Rxa6 Kxh5 63. Ra8 Rb7 64. Rf8 Kg5 65. Rg8+ Kf6 66. Rf8+
Kg5 67. Rg8+ Kh5 68. Rf8 Rh7 69. Kg2 Rg7+ 70. Kf2 Kg5 71. Rc8 Rg6 72. Rf8 Rh6
73. Rg8+ Kf5 74. Rf8+ Rf6 75. Re8 Kg6 76. Re7 Rd6 77. Rc7 Re6 78. Rc8 Kf7 79.
Rc7+ Ke8 80. Rc8+ Ke7 81. Rc7+ Kf6 82. Rc8 Rd6 83. Rf8+ Kg5 84. Rg8+ Kf5 85.
Rf8+ Rf6 86. Re8 Kg6 87. Re7 Rd6 88. Rc7 Re6 89. Rc8 Rf6 90. Rc7 Rd6 91. Rc8 Re6
92. Rc7 Kg5 93. Rc8 Rg6 94. Rf8 Rf6 95. Rg8+ Kh6 96. Rg4 Kh5 97. Kf1 Rf8 98. Kf2
Rf7 99. Kf1 Rf6 100. Kf2 Rf8 101. Kf1 Rf7 102. Kf2 Rf6 1/2-1/2

[Event "25th European Teams"]
[Site "Batumi GEO"]
[Date "2025.10.12"]
[Round "7.7"]
[Board "3"]
[White "Martirosyan, Haik M."]
[Black "Yuffa, Daniil"]
[Result "1-0"]
[WhiteTitle "GM"]
[BlackTitle "GM"]
[WhiteElo "2626"]
[BlackElo "2621"]
[WhiteTeam "Armenia"]
[BlackTeam "Spain"]
[WhiteFideId "13306553"]
[BlackFideId "24131423"]
[EventDate "2025.10.05"]

1. d4 Nf6 2. c4 e6 3. Nf3 d5 4. Nc3 Bb4 5. Bg5 dxc4 6. e4 b5 7. a4 c5 8. axb5
cxd4 9. Nxd4 h6 10. Be3 Nxe4 11. Rc1 Nxc3 12. bxc3 Ba3 13. Rb1 O-O 14. Bxc4 Qc7
15. Be2 Bb7 16. O-O Nd7 17. Nc6 Bd6 18. g3 Bxc6 19. bxc6 Ne5 20. Bf4 Qxc6 21.
Bxe5 Bxe5 22. Bf3 Qxc3 23. Bxa8 Rxa8 24. Rc1 Qb2 25. Qf3 Rf8 26. Rfd1 a5 27. Qe4
Qb5 28. Rb1 Qc5 29. Rb7 Bc3 30. Rdd7 Qe5 31. Qd3 Qf6 32. Kg2 Bb4 33. Qc4 g6 34.
Rd3 h5 35. Rf3 Qe5 36. Rd7 Qg7 37. h4 Qe5 38. Qc2 Kg7 39. Qc6 Kg8 40. Qb7 Qg7
41. Qc7 a4 42. Qc4 a3 43. Ra7 Bd6 44. Qc6 Bb4 45. Rf4 Bd2 46. Rc4 Qa1 47. Qc5 a2
48. Rc2 Qe1 49. Rcxa2 Qe4+ 50. Kh2 Bh6 51. R7a4 Qf5 52. Qc6 Rd8 53. Ra5 Qd3 54.
Kg2 Qd7 55. Qa6 Qd6 56. Qc4 Qd4 57. Qf1 Qd1 58. Qxd1 Rxd1 59. Ra8+ Kg7 60. R2a7
Rd2 61. Kf1 Rd1+ 62. Ke2 Rd2+ 63. Ke1 Rd5 64. Re8 Bd2+ 65. Kf1 Rf5 66. Rxe6 Bc3
67. Re4 Bb2 68. Rd7 Bc3 69. Kg2 Bb2 70. Re3 Bf6 71. Rb3 Ba1 72. Rd1 Bf6 73. Rd2
Be7 74. Rb7 Bf6 75. Rdd7 Bc3 76. f3 Kg8 77. Re7 Kg7 78. Rec7 Bd4 79. f4 Kg8 80.
Kf3 Kg7 81. Rd7 Bc3 82. Rdc7 Ba1 83. Ke4 Kg8 84. Kd3 Bg7 85. Rd7 Ba1 86. Ra7 Bb2
87. Rdb7 Bg7 88. Kc4 Bh6 89. Rb8+ Kh7 90. Rd8 Bg7 91. Re8 Bb2 92. Rf8 Kg7 93.
Rb8 Bc1 94. Kd3 Rf6 95. Rbb7 Kg8 96. Rd7 Rf5 97. Ra2 Rb5 98. Kc4 Rb6 99. Kd3 Rc6
100. Re7 Rd6+ 101. Ke2 Rb6 102. Ra8+ Kg7 103. Raa7 Rf6 104. Reb7 Kg8 105. Ra1
Re6+ 106. Kf3 Bd2 107. Rb3 Rc6 108. Raa3 Kg7 109. Ke2 Bc1 110. Ra2 Re6+ 111. Kf2
Rd6 112. Ke1 Re6+ 113. Re2 Rd6 114. Rc3 1-0

[Event "25th European Teams"]
[Site "Batumi GEO"]
[Date "2025.10.12"]
[Round "7.7"]
[Board "4"]
[White "Santos Latasa, Jaime"]
[Black "Hakobyan, Aram"]
[Result "1-0"]
[WhiteTitle "GM"]
[BlackTitle "GM"]
[WhiteElo "2609"]
[BlackElo "2624"]
[WhiteTeam "Spain"]
[BlackTeam "Armenia"]
[WhiteFideId "2293307"]
[BlackFideId "13306677"]
[EventDate "2025.10.05"]

1. e4 c5 2. Nf3 d6 3. d4 cxd4 4. Nxd4 Nf6 5. Nc3 a6 6. f3 e5 7. Nb3 Be6 8. Be3
h5 9. Nd5 Bxd5 10. exd5 Nbd7 11. Qd2 g6 12. O-O-O Bg7 13. Kb1 Qc7 14. Be2 O-O
15. g4 Rfc8 16. Rc1 a5 17. g5 Ne8 18. c4 a4 19. Na1 Nc5 20. Nc2 Bh8 21. Na3 Ng7
22. Bd3 Qd7 23. Nb5 h4 24. Bc2 Ra6 25. Rhf1 a3 26. b3 Nh5 27. Nc3 Qd8 28. b4 Nd7
29. Ne4 Rxc4 30. Bd3 Rxc1+ 31. Rxc1 Ra8 32. Nxd6 Nf4 33. Be4 Qxg5 34. Rc7 Qd8
35. Qc2 Qe7 36. Rc8+ Rxc8 37. Qxc8+ Kh7 38. Bc5 Ne2 39. Kc2 b6 40. Nf5 Qg5 41.
Qxd7 gxf5 42. Qxf5+ Qxf5 43. Bxf5+ Kg8 44. Bxb6 Nd4+ 45. Bxd4 exd4 46. Kb3 Be5
47. h3 Kf8 48. Kxa3 Ke7 49. Kb3 Kd6 50. Kc4 Bg3 51. a4 d3 52. Bxd3 Bf2 53. Bh7
f6 54. a5 Be1 55. Bg8 Kc7 56. Be6 Bd2 57. Kb5 Be1 58. f4 f5 59. Bxf5 Bd2 60. Be6
Bxf4 61. Ka6 1-0

[Event "25th European Teams"]
[Site "Batumi GEO"]
[Date "2025.10.12"]
[Round "7.8"]
[Board "1"]
[White "Nguyen, Thai Dai Van"]
[Black "Naiditsch, Arkadij"]
[Result "1/2-1/2"]
[WhiteTitle "GM"]
[BlackTitle "GM"]
[WhiteElo "2664"]
[BlackElo "2587"]
[WhiteTeam "Czech Republic"]
[BlackTeam "Bulgaria"]
[WhiteFideId "358878"]
[BlackFideId "4650891"]
[EventDate "2025.10.05"]

1. Nf3 d5 2. g3 g6 3. Bg2 Bg7 4. d4 Nf6 5. O-O O-O 6. c4 dxc4 7. Na3 c3 8. bxc3
c5 9. Bb2 Nc6 10. Re1 Qb6 11. Nc4 Qa6 12. Nce5 Nxe5 13. Nxe5 Nd7 14. Nd3 Rb8 15.
a4 Qa5 16. Qb3 Rd8 17. e4 b6 18. Nf4 Bb7 19. Nd5 Bxd5 20. exd5 Bf6 21. Bf1 cxd4
22. cxd4 Nc5 23. Qa3 Nb7 24. Bb5 Qd2 25. Rad1 Qg5 26. Bc6 Na5 27. Bc3 Nxc6 28.
dxc6 Rbc8 29. d5 Rxd5 30. Bxf6 exf6 31. Qe7 Kg7 32. Qb7 Re8 33. c7 Rxd1 34. Rxd1
Qc5 35. Qxa7 Re2 36. Rf1 Rc2 37. c8=Q Qxc8 38. Qxb6 Ra2 39. Qb3 Qe6 40. Qxe6
fxe6 41. Re1 Rxa4 1/2-1/2